00470 a2200133 4500020001500000020003000015082000800045100003100053245014100084260003200225300002100257700003100278700002700309 a1584880171 a9781584880172 (hardcover)04a6701 aIlegbusi, Olusegun Johnso.10aMathematical and physical modeling of materials processing operations /cOlusegun Johnso Ilegbusi, Manabu Iguchi, Walter E. Wahnsiedler. a[S.l.] :bCRC Press,c2000. a512 p. ;c24 cm.1 aIlegbusi, Olusegun Johnso.1 aWahnsiedler, Walter E.